| Tag |
First Indicator |
Second Indicator |
Subfields |
| LEADER |
00000cam a2200000 a 4500 |
| 001 |
in00000091685 |
| 005 |
20150923131733.0 |
| 008 |
810722s1981 maucf 00010 eng |
| 010 |
|
|
|a 81080331
|
| 020 |
|
|
|a 0915368188
|
| 035 |
|
|
|a (OCoLC)07741143
|
| 035 |
|
|
|9 AAK7016AM
|
| 039 |
0 |
|
|a 2
|b 3
|c 3
|d 3
|e 3
|
| 040 |
|
|
|a DLC
|c DLC
|d TXA
|d UtOrBLW
|
| 049 |
|
|
|a TXAS
|c [1422312]
|
| 050 |
0 |
0 |
|a PR6062.E4163
|b U5 1981
|
| 082 |
0 |
|
|a 823/.914
|2 19
|
| 090 |
|
|
|a PR6062.E4163
|b U57 1981
|
| 100 |
1 |
|
|a Lee, Tanith.
|
| 245 |
1 |
0 |
|a Unsilent night /
|c Tanith Lee.
|
| 250 |
|
|
|a 1st ed.
|
| 264 |
|
1 |
|a Cambridge, MA :
|b Nesfa Press,
|c 1981.
|
| 300 |
|
|
|a 84 pages, 1 unnumbered page of plates :
|b portrait ;
|c 19 cm.
|
| 336 |
|
|
|a text
|b txt
|2 rdacontent
|
| 337 |
|
|
|a unmediated
|b n
|2 rdamedia
|
| 338 |
|
|
|a volume
|b nc
|2 rdacarrier
|
| 500 |
|
|
|a "This is copy number ___ of 1000"--title page verso.
|
| 500 |
|
|
|a One of the Cushing Library/Science Fiction copies is number 839.
|
| 500 |
|
|
|a One of the Cushing Library/Science Fiction copies is number 730.
|
| 500 |
|
|
|a One of the Cushing Library/Science Fiction copies (no. 730) was used to compile Daughter of the night : an annotated Tanith Lee bibliography.
|
| 505 |
0 |
|
|a Sirriamnis -- Poems -- Cyrion in wax.
|
| 999 |
|
|
|a MARS
|
| 999 |
f |
f |
|s 8faa0c4d-7bc0-3072-bdc9-aa9a2c223b7e
|i 4137f540-79da-3944-86f1-d8ec25e21120
|t 0
|
| 952 |
f |
f |
|p noncirc
|a Texas A&M University
|b College Station
|c Cushing Memorial Library & Archives
|d Cushing: Science Fiction (Does not check out)
|t 0
|e PR6062.E4163 U57 1981
|h Library of Congress classification
|i unmediated -- volume
|m A14805997209
|
| 952 |
f |
f |
|p noncirc
|a Texas A&M University
|b College Station
|c Cushing Memorial Library & Archives
|d Cushing: Science Fiction (Does not check out)
|t 0
|e PR6062.E4163 U57 1981
|h Library of Congress classification
|i unmediated -- volume
|
| 998 |
f |
f |
|a PR6062.E4163 U57 1981
|t 0
|l Cushing: Science Fiction (Does not check out)
|
| 998 |
f |
f |
|a PR6062.E4163 U57 1981
|t 0
|l Cushing: Science Fiction (Does not check out)
|